000 01014cam a22003017a 4500
003 CHAP
005 20220329141547.0
008 971013s1981 r 00010 d
010 _a70136
011 _a71108
035 _a80662
040 _cCHAP
090 _aFolleto 11782
100 0 0 _aCaldas, Nydia Silveira da.
_917349
245 1 4 _aUma proposta de avalicao do uso de um servico de informacao legislativa
260 _a[Brasilia] :
_bBINAGRI,
_c1981
300 _a34 p.
500 _aPonencia presentada en: RIBDA (6: 1987: Santo Domingo, República Dominicana)
590 _aBATCH-UPD
_b10
_c20130110
_lUCH01
_h0614
590 _aBATCH-UPD
_b10
_c20130410
_lUCH01
_h0256
590 _aBATCH-UPD
_b10
_c20130913
_lUCH01
_h2126
590 _aCONVERSION
_b10
_c20130109
_lUCH01
_h1339
650 1 4 _aAgricultura
_xSistemas de información.
_91796
700 0 _aFonseca, Ana Flavia Pereira Medeiros da.
_942149
901 _aBK
942 _cFOLL
949 _aFolleto 11782
_bBC
_cFOLL
_d-33566
_eTS1
_i80662
_mD
_si
999 _c70136
_d70136